| 000 | 01371nam a2200349 a 4500 | ||
|---|---|---|---|
| 001 | dia_5528 | ||
| 003 | CHAP | ||
| 005 | 20250924101842.0 | ||
| 007 | ta | ||
| 008 | 220117s1993 mx ab f 001 0 spa d | ||
| 040 |
_cCHAP _amxchpua |
||
| 090 |
_aT.C.151 _bP66 _c1993 |
||
| 245 | 1 | 0 |
_aReporte del viaje de estudios de la materia Solución de Casos llevado acabo en la empresa Alimentos Balanceados de Oriente S. A. de C. V. ubicada en la ciudad de Mérida, Yucatán / _ccoordinador Pedro Ponce Hernández ; colaborador Alejandro Aguilar Pérez...[et al.] |
| 260 |
_aMéxico : _bEl autor, _c1993 |
||
| 300 |
_acerca 20 hojas : _bilustraciones, tablas, mapas |
||
| 336 |
_2rdacontent _atexto _btaxt |
||
| 337 |
_2rdamedia _asin medio _bn |
||
| 338 |
_2rdacarrier _avolumen _bnc |
||
| 502 |
_aViaje de Estudios _b -- _cUACh. Departamento de Ingeniería Agroindustrial, _d1993 |
||
| 650 | 1 | 3 |
_aSorgo _9108622 |
| 650 | 1 | 3 |
_aIndustria alimentaria _9158864 _zMéxico _zYucatán |
| 650 | 1 | 3 |
_aFeed industry _9158863 _zMexico _zYucatán |
| 650 | 1 | 3 |
_aSorghum _9151737 |
| 700 | 1 |
_aAguilar Pérez, Alejandro _ecolaborador _92808 |
|
| 700 | 1 |
_aPonce Hernández, Pedro _9147918 _ecoordinador |
|
| 901 | _aT.C.151 P66 1993 | ||
| 902 | _aM | ||
| 905 | _a5332271993 mx bn 8223123322spa16 | ||
| 942 | _2local | ||
| 942 | _cVE | ||
| 999 |
_c176448 _d176448 |
||